000 00714nam a2200241Ia 4500
003 OSt
005 20220923221130.0
006 a|||||r|||| 00| 0
007 ta
008 220922b |||||||| |||| 00| 0 hin d
024 _a195,505
037 _cTextual
040 _aARTS
_cARTS
_bhin
041 _2hin
_ahin
082 _aO152,2:g, M9(P1)
100 _aबच्चन सिंह
245 0 _aहिन्दी नाटक
246 _aHindī nāṭaka
260 _aनई दिल्ली
_b राधाकृष्ण प्रका0
_c1989
300 _a214पृ.
_ccm.
942 _hO152,2:g, M9(P1)
_cTEXL
_2CC
999 _c347670
_d347670